Creación colectiva : en Internet el creador es el público /

El Premio de Ensayo Eusebi Colomer promueva la reflexión sobre las tecnologías de comunicación e información y los cambios que están produciendo en las diversas esferas de la vida tanto pública como privada. Y lo hace desde una perspectiva multidisciplinaria que lo mismo remite a la dimensión ética...

Täydet tiedot

Tallennettuna:
Bibliografiset tiedot
Yhteisötekijä: Premio de Ensayo Eusebi Colomer ( Fundación Epson Ibérica)
Muut tekijät: Casacuberta Sevilla, David (autor) (autor)
Aineistotyyppi: Konferenssijulkaisu Kirja
Kieli:espanja
Julkaistu: Barcelona, España : Gedisa, 2003, c2003
Sarja:(Cibercultura)
Aiheet:
Tagit: Lisää tagi
Ei tageja, Lisää ensimmäinen tagi!

MARC

LEADER 00000nam^a2200000^a^4500
001 000156461
005 20250521000000.0
009 20260310100504.605
020 |a 84-7432-928-0 
037 |a Acervo ITESO - Biblioteca 
041 |a ESP 
082 |a 302. 237  |b PRE 2002 
111 |a Premio de Ensayo Eusebi Colomer (  |n 2° :  |d 2002 :  |c Fundación Epson Ibérica) 
245 1 0 |a Creación colectiva :  |b en Internet el creador es el público /  |c D. Casacuberta Sevilla ; pról. de Daniel G. Andújar. 
264 4 |a Barcelona, España :  |b Gedisa,  |c 2003, c2003 
300 |a 157 p. 
336 |a texto  |b txt  |2 rdacontenido 
337 |a sin mediación  |b n  |2 rdamedio 
338 |a volumen  |b nc  |2 rdasoporte 
440 1 |a (Cibercultura) 
520 |a El Premio de Ensayo Eusebi Colomer promueva la reflexión sobre las tecnologías de comunicación e información y los cambios que están produciendo en las diversas esferas de la vida tanto pública como privada. Y lo hace desde una perspectiva multidisciplinaria que lo mismo remite a la dimensión ética y filosófica, que a la social y política-económica. 
649 |a XX 
650 |a Internet -  |x Aspectos Sociales y Culturales 
650 |a Comunicación en Red -  |x Aspectos Sociales y Culturales 
650 |a Redes de Computadoras -  |x Aspectos Sociales y Culturales 
650 |a Tecnologías de Comunicación e Información -  |x Aspectos Sociales y Culturales 
650 |a Creación (Literaria, Artística, etc.) 
650 |a Creatividad 
650 |a Estética 
650 |a Arte 
650 |a Recepción y Apropiación de la Comunicación 
650 |a Medios de Comunicación 
650 |a Comunicación Masiva 
650 |a Sociología de la Comunicación 
700 |a Casacuberta Sevilla, David  |e (autor) 
910 |a Fondo General 
920 |a Impresos - Libros 
930 |a Colección General 
905 |a 101 
901 |a 0500160102  |b IT1  |c ACC  |u 20250521 
902 |a https://opac.biblio.iteso.mx/vufind/Record/000156461